000
00234nam a2200097Ia 4500
008
231212s2003 xx 000 0 und d
041
_a
eng
100
_a
Grob Bernard
245
_a
Basic Electronics
260
_a
New Delhi
_b
Tata Mc
_c
2003
999
_c
969997
_d
969997